[Event "1. Bundesliga 2017/2018"]
[Site "St.Veit/Glan"]
[Date "2018.04.06"]
[Round "10"]
[Board "2"]
[White "Dizdar, Goran"]
[Black "Volokitin, Andrei"]
[Result "0-1"]
[WhiteElo "2488"]
[BlackElo "2632"]
[PlyCount "130"]
[EventDate "2017.11.16"]
[EventType "team"]
[EventRounds "11"]
[EventCountry "AUT"]
[WhiteTeam "Schachklub Absam"]
[BlackTeam "Schachklub Sparkasse Jenbach"]

1.d4 Nf6 2.c4 e6 3.Nc3 Bb4 4.e3 O-O 5.Nge2 c6 6.a3 Ba5 7.c5 d5 8.cxd6 Qxd6 9.b4 Bc7
10.g3 a5 11.b5 cxb5 12.Bg2 Qa6 13.Rb1 Bd7 14.O-O Bd6 15.e4 b4 16.e5 bxc3 17.Nxc3 Bc6
18.exf6 Bxg2 19.Kxg2 Qc6+ 20.Qf3 Qxf3+ 21.Kxf3 gxf6 22.Rxb7 Nc6 23.Nb5 Rfd8 24.Be3
a4 25.Rc1 Na5 26.Nxd6 Rxd6 27.Rb4 Nc6 28.Rbc4 Ne7 29.Rc7 Nf5 30.Rc8+ Rxc8 31.Rxc8+
Kg7 32.Rc4 Ra6 33.g4 Ne7 34.Bd2 f5 35.h3 Kf6 36.Ke2 Nd5 37.Kd3 Rb6 38.Rxa4 Rb3+ 39.Ke2
Rxh3 40.g5+ Kg6 41.Ra7 f4 42.a4 Ra3 43.f3 Ne3 44.Bc1 Rc3 45.Bd2 Rb3 46.Rd7 Ra3 47.a5
Nd5 48.Ra7 Nc3+ 49.Bxc3 Rxc3 50.Rb7 Re3+ 51.Kf2 Rd3 52.Rb4 Rd2+ 53.Ke1 Ra2 54.Rb5
Kh5 55.d5 exd5 56.Rxd5 Kh4 57.Rf5 Kg3 58.Rxf7 Rxa5 59.Rxh7 Rxg5 60.Ra7 Rb5 61.Ra3
Kg2 62.Ra2+ Kxf3 63.Ra3+ Kg2 64.Ra2+ Kg3 65.Ra8 Rb1+  0-1

[Event "1. Bundesliga 2017/2018"]
[Site "St.Veit/Glan"]
[Date "2018.04.06"]
[Round "10"]
[Board "3"]
[White "Wagner, Dennis"]
[Black "Rotstein, Arkadij"]
[Result "1-0"]
[WhiteElo "2550"]
[BlackElo "2505"]
[PlyCount "113"]
[EventDate "2017.11.16"]
[EventType "team"]
[EventRounds "11"]
[EventCountry "AUT"]
[WhiteTeam "Schachklub Sparkasse Jenbach"]
[BlackTeam "Schachklub Absam"]

1.d4 g6 2.c4 Bg7 3.Nc3 e6 4.Nf3 Ne7 5.h4 h6 6.Bf4 d6 7.Qd2 Nd7 8.O-O-O b6 9.e4 Bb7
10.Be2 a6 11.Kb1 e5 12.dxe5 dxe5 13.Be3 c5 14.h5 g5 15.Nxg5 hxg5 16.Bxg5 Rh7 17.h6
Bh8 18.Qe3 Qc7 19.Bg4 Nf8 20.Bxe7 Qxe7 21.Bf5 Bf6 22.Bxh7 Nxh7 23.Nd5 Bxd5 24.Rxd5
Rd8 25.Qh3 Rxd5 26.exd5 Kd8 27.Qf5 Nf8 28.h7 Ng6 29.f3 Kc7 30.Rd1 Qd6 31.g4 Nh8 32.g5
Bg7 33.a3 Qg6 34.Qxg6 Nxg6 35.Kc2 Kd6 36.b3 Nf4 37.Rh1 Bh8 38.Rh6+ Ng6 39.Kd3 Bg7
40.Rh2 Bh8 41.Ke4 a5 42.Rh6 Kd7 43.Rh1 Kc7 44.Rb1 Bg7 45.b4 cxb4 46.axb4 axb4 47.Rxb4
Nf8 48.Kf5 Ng6 49.Ra4 Ne7+ 50.Kg4 Nc8 51.g6 fxg6 52.Kg5 Ne7 53.Ra8 Nc8 54.Kxg6 Bh8
55.Kf7 e4 56.fxe4 Nd6+ 57.Ke6  1-0

[Event "1. Bundesliga 2017/2018"]
[Site "St.Veit/Glan"]
[Date "2018.04.06"]
[Round "10"]
[Board "4"]
[White "Bayer, Bernhard"]
[Black "Acs, Peter"]
[Result "0-1"]
[WhiteElo "2425"]
[BlackElo "2592"]
[PlyCount "58"]
[EventDate "2017.11.16"]
[EventType "team"]
[EventRounds "11"]
[EventCountry "AUT"]
[WhiteTeam "Schachklub Absam"]
[BlackTeam "Schachklub Sparkasse Jenbach"]

1.d4 d5 2.Nf3 Nf6 3.c4 c6 4.Nc3 a6 5.e3 b5 6.b3 Bg4 7.Be2 e6 8.O-O Nbd7 9.h3 Bf5 10.Bb2
Bd6 11.Nh4 Bg6 12.Rc1 Qe7 13.cxd5 cxd5 14.a4 b4 15.Nb1 Bxb1 16.Rxb1 Ne4 17.Nf3 Nc3
18.Bxc3 bxc3 19.Qc2 Bb4 20.e4 dxe4 21.Qxe4 O-O 22.Bd3 Nf6 23.Qh4 Rfc8 24.Rbc1 Qb7
25.Bc2 Be7 26.Rfe1 Rab8 27.Re5 g6 28.Ng5 Nh5 29.Qe4 Bf6  0-1

[Event "1. Bundesliga 2017/2018"]
[Site "St.Veit/Glan"]
[Date "2018.04.06"]
[Round "10"]
[Board "5"]
[White "Shengelia, David"]
[Black "Lehner, Oliver"]
[Result "1-0"]
[WhiteElo "2505"]
[BlackElo "2402"]
[PlyCount "83"]
[EventDate "2017.11.16"]
[EventType "team"]
[EventRounds "11"]
[EventCountry "AUT"]
[WhiteTeam "Schachklub Sparkasse Jenbach"]
[BlackTeam "Schachklub Absam"]

1.d4 Nf6 2.Bf4 d5 3.e3 c5 4.Nf3 Nc6 5.c3 Qb6 6.Qb3 c4 7.Qc2 Bf5 8.Qc1 Nh5 9.Nbd2 Nxf4
10.exf4 h6 11.Be2 g5 12.b3 cxb3 13.Nxb3 e6 14.fxg5 O-O-O 15.Qe3 hxg5 16.Nxg5 Bh6 17.f4
Qc7 18.g3 f6 19.Nxe6 Qe7 20.Nbc5 Rd6 21.Kf2 Rxe6 22.Nxe6 Bxe6 23.Rhe1 Qd7 24.Rab1
Bf5 25.Bd3 Bxd3 26.Qxd3 Qh3 27.Qg6 Bxf4 28.Re8+ Rxe8 29.Qxe8+ Nd8 30.gxf4 Qxh2+ 31.Ke3
Qc2 32.Qb5 Qe4+ 33.Kd2 Qxf4+ 34.Kc2 Qf2+ 35.Kb3 Qf5 36.Kb2 Nc6 37.Ka1 Qd7 38.Qc5 Qe6
39.Qf8+ Kc7 40.Qg7+ Qe7 41.Qg3+ Kc8 42.Qg8+  1-0

[Event "1. Bundesliga 2017/2018"]
[Site "St.Veit/Glan"]
[Date "2018.04.06"]
[Round "10"]
[Board "6"]
[White "De Francesco, Klaus"]
[Black "Schlosser, Philipp"]
[Result "1/2-1/2"]
[WhiteElo "2295"]
[BlackElo "2511"]
[PlyCount "93"]
[EventDate "2017.11.16"]
[EventType "team"]
[EventRounds "11"]
[EventCountry "AUT"]
[WhiteTeam "Schachklub Absam"]
[BlackTeam "Schachklub Sparkasse Jenbach"]

1.e4 c5 2.Nc3 Nc6 3.f4 g6 4.Nf3 Bg7 5.Bb5 Nd4 6.O-O a6 7.Bd3 d6 8.Nxd4 cxd4 9.Ne2
Nf6 10.c3 e5 11.Bc2 O-O 12.d3 b5 13.Qe1 Bb7 14.Kh1 Rc8 15.fxe5 dxe5 16.Rf3 Nd7 17.Qg3
Nc5 18.Bg5 f6 19.Bd2 dxc3 20.Bxc3 Rf7 21.Rc1 Rd7 22.b4 Ne6 23.Bb3 Qe7 24.Qh3 Rd6 25.Rcf1
Rc7 26.d4 Bxe4 27.dxe5 fxe5 28.Rf7 Qxf7 29.Rxf7 Kxf7 30.Qxh7 Kf8 31.Qh4 Bd5 32.h3
Bxb3 33.axb3 Rd3 34.Qe4 Rdxc3 35.Nxc3 Rxc3 36.Qxg6 Ke7 37.h4 Rxb3 38.h5 Rxb4 39.g3
e4 40.h6 Bb2 41.Qh7+ Kd6 42.Qb7 Nc5 43.Qb8+ Kc6 44.Qc8+ Kb6 45.Qd8+ Kc6 46.Qc8+ Kb6
47.Qd8+  1/2-1/2

[Event "1. Bundesliga 2017/2018"]
[Site "St.Veit/Glan"]
[Date "2018.04.06"]
[Round "10"]
[Board "1"]
[White "Bosiocic, Marin"]
[Black "Huschenbeth, Niclas"]
[Result "1/2-1/2"]
[WhiteElo "2605"]
[BlackElo "2560"]
[PlyCount "94"]
[EventDate "2017.11.16"]
[EventType "team"]
[EventRounds "11"]
[EventCountry "AUT"]
[WhiteTeam "SV Pillenkoenig St. Veit"]
[BlackTeam "Schachclub Sparkasse Goetzis"]

1.d4 d5 2.c4 e6 3.Nf3 Nf6 4.g3 Be7 5.Bg2 O-O 6.O-O dxc4 7.Ne5 Nc6 8.Bxc6 bxc6 9.Nxc6
Qd6 10.Nxe7+ Qxe7 11.Qc2 c5 12.dxc5 Qxc5 13.Nc3 Qh5 14.f3 Qc5+ 15.Kg2 Bb7 16.Bd2 h6
17.Rad1 Rfd8 18.Bc1 Nd5 19.Qd2 e5 20.Nxd5 Rxd5 21.Qe3 Rd4 22.Qg1 Qd5 23.Be3 Rxd1 24.Rxd1
Qc6 25.Qe1 Qa4 26.a3 c3 27.bxc3 Rc8 28.Rb1 Ba6 29.Bxa7 Qxa3 30.Ra1 Qd6 31.Be3 Rb8
32.Ra2 Bc4 33.Qd2 Qxd2 34.Rxd2 Rb3 35.Rc2 Ra3 36.Bc1 Ra1 37.Kf2 f6 38.h4 h5 39.Ke3
Kf7 40.Bd2 Rb1 41.Rc1 Rxc1 42.Bxc1 f5 43.f4 Ke6 44.fxe5 Kxe5 45.Ba3 g6 46.Bc5 Bb5
47.Bd4+ Ke6  1/2-1/2

[Event "1. Bundesliga 2017/2018"]
[Site "St.Veit/Glan"]
[Date "2018.04.06"]
[Round "10"]
[Board "2"]
[White "Georgiadis, Nico"]
[Black "Brkic, Ante"]
[Result "0-1"]
[WhiteElo "2534"]
[BlackElo "2596"]
[PlyCount "64"]
[EventDate "2017.11.16"]
[EventType "team"]
[EventRounds "11"]
[EventCountry "AUT"]
[WhiteTeam "Schachclub Sparkasse Goetzis"]
[BlackTeam "SV Pillenkoenig St. Veit"]

1.d4 Nf6 2.c4 e6 3.g3 Bb4+ 4.Bd2 Be7 5.Bg2 d5 6.Nf3 c6 7.O-O Nbd7 8.Qc2 b6 9.Rc1 Bb7
10.a4 a5 11.cxd5 Nxd5 12.Na3 O-O 13.Qb3 c5 14.Nb5 cxd4 15.Nfxd4 Nc5 16.Qa2 Qd7 17.Rd1
Rfd8 18.Be1 Nb4 19.Bxb4 axb4 20.Bxb7 Qxb7 21.b3 Ne4 22.e3 e5 23.Nf5 Bc5 24.Qe2 g6
25.Nh4 Ng5 26.Qg4 h6 27.Ng2 Nf3+ 28.Kh1 Nd2 29.Qh4 Kg7 30.Rac1 Qf3 31.Nd4 exd4 32.Rxd2
g5  0-1

[Event "1. Bundesliga 2017/2018"]
[Site "St.Veit/Glan"]
[Date "2018.04.06"]
[Round "10"]
[Board "3"]
[White "Antoniewski, Rafal"]
[Black "Krassowizkij, Jaroslaw"]
[Result "1/2-1/2"]
[WhiteElo "2528"]
[BlackElo "2442"]
[PlyCount "66"]
[EventDate "2017.11.16"]
[EventType "team"]
[EventRounds "11"]
[EventCountry "AUT"]
[WhiteTeam "SV Pillenkoenig St. Veit"]
[BlackTeam "Schachclub Sparkasse Goetzis"]

1.e4 e6 2.d4 d5 3.Nc3 Nf6 4.e5 Nfd7 5.f4 c5 6.Nf3 Nc6 7.Be3 a6 8.Qd2 b5 9.Bd3 b4 10.Na4
c4 11.Be2 c3 12.Qd1 cxb2 13.Nxb2 Be7 14.O-O O-O 15.Bd3 f5 16.exf6 Nxf6 17.Ne5 Bb7
18.f5 Qc7 19.Nxc6 Qxc6 20.Qe2 Ne4 21.fxe6 Qxe6 22.Rxf8+ Rxf8 23.Nd1 a5 24.Rc1 Bf6
25.c3 Rc8 26.Bxe4 Qxe4 27.Qd2 Rc4 28.Nf2 Qe6 29.cxb4 axb4 30.Rd1 Bc6 31.h3 Rc3 32.Bg5
Ba4 33.Bxf6 Qxf6  1/2-1/2

[Event "1. Bundesliga 2017/2018"]
[Site "St.Veit/Glan"]
[Date "2018.04.06"]
[Round "10"]
[Board "4"]
[White "Eisenbeiser, Amadeus"]
[Black "Kuljasevic, Davorin"]
[Result "1/2-1/2"]
[WhiteElo "2393"]
[BlackElo "2538"]
[PlyCount "86"]
[EventDate "2017.11.16"]
[EventType "team"]
[EventRounds "11"]
[EventCountry "AUT"]
[WhiteTeam "Schachclub Sparkasse Goetzis"]
[BlackTeam "SV Pillenkoenig St. Veit"]

1.e4 e5 2.Nf3 Nc6 3.Bc4 Bc5 4.O-O Nf6 5.d3 d6 6.a4 a5 7.c3 O-O 8.Bg5 Ne7 9.d4 Bb6
10.Nbd2 Ng6 11.dxe5 dxe5 12.Nh4 Nxh4 13.Bxh4 Qd6 14.Be2 Be6 15.Qc2 Qc5 16.b3 Nd7 17.Bc4
Rfe8 18.Bxe6 Rxe6 19.Nc4 Nf8 20.Rad1 c6 21.Bg3 Bc7 22.Ne3 Ree8 23.Rd2 Rad8 24.Rfd1
Rxd2 25.Rxd2 Rd8 26.Rxd8 Bxd8 27.Qd3 Bc7 28.h3 f6 29.Kf1 Kf7 30.Ke2 g6 31.f3 Qd6 32.Qxd6
Bxd6 33.Nc4 Bc7 34.Bf2 Ne6 35.Be3 Ke7 36.Kd3 Kd7 37.Na3 Bd6 38.Nc4 Bc7 39.Na3 h5 40.Ke2
Bd6 41.Nc4 Bc7 42.Na3 Bd6 43.Nc4 Bc7  1/2-1/2

[Event "1. Bundesliga 2017/2018"]
[Site "St.Veit/Glan"]
[Date "2018.04.06"]
[Round "10"]
[Board "5"]
[White "Rogic, Davor"]
[Black "Kessler, Luca"]
[Result "1-0"]
[WhiteElo "2515"]
[BlackElo "2416"]
[PlyCount "79"]
[EventDate "2017.11.16"]
[EventType "team"]
[EventRounds "11"]
[EventCountry "AUT"]
[WhiteTeam "SV Pillenkoenig St. Veit"]
[BlackTeam "Schachclub Sparkasse Goetzis"]

1.e4 e5 2.Nf3 Nc6 3.Bb5 a6 4.Ba4 Nf6 5.O-O Be7 6.Re1 b5 7.Bb3 d6 8.c3 O-O 9.h3 Nb8
10.d4 Nbd7 11.Nbd2 Bb7 12.Bc2 Re8 13.b3 Bf8 14.Bb2 g6 15.Bd3 Nh5 16.a4 c6 17.Qc2 Nf4
18.Bf1 Rc8 19.c4 exd4 20.Bxd4 Ne6 21.Bc3 d5 22.axb5 axb5 23.Qb1 b4 24.Bb2 Ndc5 25.e5
Bh6 26.Qc2 Qb6 27.Nh2 Nd7 28.Ng4 Bg7 29.Qd3 Ra8 30.Nf3 Rxa1 31.Bxa1 Nec5 32.Qd1 Qa5
33.Bd4 Ne4 34.cxd5 cxd5 35.Qc1 Rf8 36.Qf4 f5 37.exf6 Ndxf6 38.Nh6+ Kh8 39.Ne5 g5 40.Nef7+  1-0

[Event "1. Bundesliga 2017/2018"]
[Site "St.Veit/Glan"]
[Date "2018.04.06"]
[Round "10"]
[Board "6"]
[White "Kvetny, Mark"]
[Black "Hoelzl, Franz"]
[Result "1-0"]
[WhiteElo "2403"]
[BlackElo "2313"]
[PlyCount "155"]
[EventDate "2017.11.16"]
[EventType "team"]
[EventRounds "11"]
[EventCountry "AUT"]
[WhiteTeam "Schachclub Sparkasse Goetzis"]
[BlackTeam "SV Pillenkoenig St. Veit"]

1. d4 Nf6 2. c4 e6 3. Nc3 Bb4 4. e3 O-O 5. Bd3 d5 6. Nf3 c5 7. O-O Nc6 8. cxd5
exd5 9. dxc5 Re8 10. Na4 Qe7 11. Qc2 Ba5 12. Bd2 Bc7 13. h3 Ne4 14. Bc3 Bd7 15.
Rae1 Rad8 16. a3 Ne5 17. Bxe5 Bxe5 18. Nxe5 Qxe5 19. Bxe4 dxe4 20. Rd1 Bb5 21.
Rxd8 Rxd8 22. Rd1 Rd3 23. Rc1 g6 24. Nc3 Bc6 25. Ne2 a5 26. Nd4 a4 27. Qc4 h5
28. Rb1 Qf6 29. Ne2 Kg7 30. Qc2 Bd5 31. Qxa4 Rd2 32. Nf4 Bc6 33. Qb4 Rc2 34.
Qb3 Rxc5 35. Qd1 Bb5 36. b4 Rc8 37. Qd5 Bc6 38. Qb3 Bb5 39. Qd5 Bc6 40. Qb3 Bb5
41. a4 Bd3 42. Nxd3 Rc3 43. Qd5 exd3 44. Rd1 Rc2 45. f4 Qh4 46. Qf3 d2 47. Qe2
Qd8 48. Kf2 b6 49. Qb5 Kh7 50. Ke2 Qa8 51. Kf2 Qd8 52. a5 bxa5 53. bxa5 Rc1 54.
Ke2 Qa8 55. Kxd2 Rxd1+ 56. Kxd1 Qxg2 57. a6 Qh1+ 58. Kd2 Qg2+ 59. Kd1 Qh1+ 60.
Kd2 Qg2+ 61. Kc3 Qxh3 62. Kd4 Qh1 63. Qb7 Qa1+ 64. Ke4 Kg7 65. Kd5 Qa5+ 66. Kd6
Qd2+ 67. Qd5 Qb4+ 68. Kc7 Qc3+ 69. Kb7 Qb4+ 70. Kc8 Qc3+ 71. Kb8 Qb4+ 72. Kc8
Qc3+ 73. Kd8 Qf6+ 74. Ke8 Qxa6 75. Qxf7+ Kh6 76. Qf8+ Kh7 77. Qe7+ Kh6 78. e4 {
FLAG!!}  1-0

[Event "1. Bundesliga 2017/2018"]
[Site "St.Veit/Glan"]
[Date "2018.04.06"]
[Round "10"]
[Board "1"]
[White "Nagy, Gabor"]
[Black "Danin, Alexandre"]
[Result "1/2-1/2"]
[WhiteElo "2481"]
[BlackElo "2540"]
[PlyCount "30"]
[EventDate "2017.11.16"]
[EventType "team"]
[EventRounds "11"]
[EventCountry "AUT"]
[WhiteTeam "ASVOE Wulkaprodersdorf"]
[BlackTeam "SV Raika Rapid Feffernitz"]

1.Nf3 d5 2.c4 c6 3.d4 Nf6 4.Nc3 dxc4 5.a4 e6 6.e3 c5 7.Bxc4 Nc6 8.O-O cxd4 9.exd4
Be7 10.Qe2 O-O 11.Rd1 Nd5 12.Qe4 Nf6 13.Qe2 Nd5 14.Qe4 Nf6 15.Qe2 Nd5  1/2-1/2

[Event "1. Bundesliga 2017/2018"]
[Site "St.Veit/Glan"]
[Date "2018.04.06"]
[Round "10"]
[Board "2"]
[White "Skoberne, Jure"]
[Black "Yankelevich, Lev"]
[Result "1-0"]
[WhiteElo "2569"]
[BlackElo "2411"]
[PlyCount "119"]
[EventDate "2017.11.16"]
[EventType "team"]
[EventRounds "11"]
[EventCountry "AUT"]
[WhiteTeam "SV Raika Rapid Feffernitz"]
[BlackTeam "ASVOE Wulkaprodersdorf"]

1.d4 Nf6 2.Nf3 g6 3.Nc3 d5 4.Bf4 Bg7 5.Nb5 Na6 6.e3 O-O 7.h3 c6 8.Nc3 Nc7 9.Bd3 c5
10.O-O c4 11.Be2 b5 12.b3 a6 13.a4 cxb3 14.axb5 bxc2 15.Qd2 Nfe8 16.Bxc7 Nxc7 17.b6
Ne6 18.Qxc2 Qxb6 19.Nxd5 Qd8 20.Qc6 Ra7 21.Rfb1 a5 22.Qb6 Qxb6 23.Nxb6 Bb7 24.Nd2
Rd8 25.Ndc4 Be4 26.Rb5 a4 27.Rxa4 Rxa4 28.Nxa4 Bc6 29.Rb4 Bxa4 30.Rxa4 Kf8 31.h4 Nc7
32.Bf3 Bf6 33.g3 Nb5 34.Bc6 Nd6 35.Nb6 Bg7 36.Ra7 h6 37.Kg2 e6 38.Nd7+ Kg8 39.Nc5
Nf5 40.Be4 Nd6 41.Bxg6 e5 42.dxe5 Bxe5 43.Bh5 Bg7 44.Nb7 Nxb7 45.Rxb7 Rf8 46.f4 Bc3
47.e4 f6 48.Kf3 Be1 49.Rb1 Bc3 50.Kg4 Rc8 51.Kf5 Rc7 52.Kg6 Rg7+ 53.Kxh6 Rh7+ 54.Kg6
Rg7+ 55.Kf5 Rxg3 56.Bg6 Rf3 57.Rb3 Kg7 58.h5 Rh3 59.h6+ Kxh6 60.Rb7  1-0

[Event "1. Bundesliga 2017/2018"]
[Site "St.Veit/Glan"]
[Date "2018.04.06"]
[Round "10"]
[Board "3"]
[White "Mesaros, Florian"]
[Black "Diermair, Andreas"]
[Result "1-0"]
[WhiteElo "2424"]
[BlackElo "2514"]
[PlyCount "137"]
[EventDate "2017.11.16"]
[EventType "team"]
[EventRounds "11"]
[EventCountry "AUT"]
[WhiteTeam "ASVOE Wulkaprodersdorf"]
[BlackTeam "SV Raika Rapid Feffernitz"]

1.Nf3 d5 2.d4 Nf6 3.c4 e6 4.Nc3 c6 5.e3 Nbd7 6.Qc2 Bd6 7.Bd3 O-O 8.O-O dxc4 9.Bxc4
e5 10.h3 h6 11.a3 Re8 12.Ba2 a6 13.b4 Qe7 14.Bb2 e4 15.Nd2 Nb6 16.f3 Nbd5 17.fxe4
Nxe3 18.Qd3 Nxf1 19.Rxf1 Be6 20.e5 Bxa2 21.Nxa2 Nd5 22.exd6 Qxd6 23.Nc4 Qe6 24.Nc3
Rad8 25.Bc1 Nxc3 26.Qxc3 Qe4 27.Bb2 Rd5 28.Qf3 Qxf3 29.Rxf3 Re2 30.Bc3 f6 31.Rf2 Re7
32.Kf1 Rg5 33.Rf3 Rd5 34.Kf2 Rd8 35.Ne3 Rde8 36.Ke2 Kf7 37.Kd3 h5 38.Nc4 Re6 39.Ne3
Kg8 40.Bd2 Rd8 41.Rf5 g6 42.Rf3 Kf7 43.a4 Ke7 44.a5 Rb8 45.Nc4 Rd8 46.Nb6 Kf7 47.Na4
Kg7 48.Nc5 Re7 49.Re3 Rxe3+ 50.Bxe3 Re8 51.Nxb7 Rb8 52.Nc5 Rxb4 53.Bd2 Rb2 54.Nxa6
Ra2 55.Nb8 Kf7 56.Nxc6 Ke6 57.Nb8 Kd6 58.Na6 g5 59.g4 hxg4 60.hxg4 Ra3+ 61.Bc3 Kd5
62.Nc7+ Kc6 63.Ne8 f5 64.gxf5 g4 65.d5+ Kxd5 66.Nf6+ Kc5 67.Nxg4 Ra4 68.Ne5 Rf4 69.f6  1-0

[Event "1. Bundesliga 2017/2018"]
[Site "St.Veit/Glan"]
[Date "2018.04.06"]
[Round "10"]
[Board "4"]
[White "Schreiner, Peter"]
[Black "Volkmann, Friedrich Karl"]
[Result "1-0"]
[WhiteElo "2465"]
[BlackElo "2403"]
[PlyCount "45"]
[EventDate "2017.11.16"]
[EventType "team"]
[EventRounds "11"]
[EventCountry "AUT"]
[WhiteTeam "SV Raika Rapid Feffernitz"]
[BlackTeam "ASVOE Wulkaprodersdorf"]

1.d4 g6 2.c4 Bg7 3.Nf3 d6 4.g3 e5 5.dxe5 dxe5 6.Qxd8+ Kxd8 7.Nc3 h6 8.Bg2 c6 9.Be3
Kc7 10.O-O-O Na6 11.b4 Be6 12.b5 Nb8 13.Bc5 Nd7 14.Bd6+ Kb6 15.bxc6 bxc6 16.Kc2 Bxc4
17.Nd2 Bb5 18.a4 Rc8 19.Rb1 a6 20.Nc4+ Ka7 21.axb5 cxb5 22.Nxb5+ axb5 23.Ra1#  1-0

[Event "1. Bundesliga 2017/2018"]
[Site "St.Veit/Glan"]
[Date "2018.04.06"]
[Round "10"]
[Board "5"]
[White "Wallner, Joachim"]
[Black "Zorko, Jure"]
[Result "1-0"]
[WhiteElo "2311"]
[BlackElo "2462"]
[PlyCount "109"]
[EventDate "2017.11.16"]
[EventType "team"]
[EventRounds "11"]
[EventCountry "AUT"]
[WhiteTeam "ASVOE Wulkaprodersdorf"]
[BlackTeam "SV Raika Rapid Feffernitz"]

1.Nf3 d5 2.g3 Bg4 3.Bg2 Nd7 4.c4 e6 5.d3 c6 6.O-O Ngf6 7.cxd5 exd5 8.Nc3 Bc5 9.Qc2
O-O 10.h3 Bxf3 11.Bxf3 Bb6 12.b4 Re8 13.Bb2 Qb8 14.Kh1 h5 15.Na4 Ne5 16.Nxb6 axb6
17.Bg2 h4 18.gxh4 Ng6 19.Bxf6 gxf6 20.h5 Nf4 21.e3 Ne6 22.Rg1 Kf8 23.d4 b5 24.Bf3
Qd6 25.a3 Ng5 26.Bg4 Ke7 27.h4 Ne6 28.h6 f5 29.Bxf5 Rh8 30.h7 Nf8 31.Rg4 Nd7 32.e4
Qf6 33.exd5 cxd5 34.Qe2+ Kd6 35.Bxd7 Kxd7 36.Qxb5+ Qc6 37.Qd3 Qh6 38.Re1 Rxh7 39.Qf5+
Kc7 40.Re7+ Kb6 41.Qxd5 Qc6 42.Qxc6+ Kxc6 43.Re3 Rah8 44.Rh3 f5 45.Rf4 Rh5 46.Kg2
Kd6 47.Kf3 Ra8 48.Ke2 Rah8 49.Kd3 R8h7 50.a4 b6 51.Kc4 Re7 52.Rhf3 Re4 53.Rxe4 b5+
54.axb5 fxe4 55.Rf4  1-0

[Event "1. Bundesliga 2017/2018"]
[Site "St.Veit/Glan"]
[Date "2018.04.06"]
[Round "10"]
[Board "6"]
[White "Kavcic, Zan"]
[Black "Glavanich, Johann"]
[Result "1-0"]
[WhiteElo "2316"]
[BlackElo "1817"]
[PlyCount "67"]
[EventDate "2017.11.16"]
[EventType "team"]
[EventRounds "11"]
[EventCountry "AUT"]
[WhiteTeam "SV Raika Rapid Feffernitz"]
[BlackTeam "ASVOE Wulkaprodersdorf"]

1.e4 c5 2.Nf3 Nc6 3.Bb5 d6 4.Bxc6+ bxc6 5.O-O g6 6.e5 d5 7.h3 e6 8.d3 Bg7 9.c4 Ne7
10.Nc3 Qc7 11.Re1 Nf5 12.Na4 Nd4 13.Bf4 Nxf3+ 14.Qxf3 Qe7 15.b3 O-O 16.Qg3 Re8 17.Be3
d4 18.Bc1 f6 19.f4 fxe5 20.fxe5 Rf8 21.Ba3 Rf5 22.Bxc5 Qd8 23.Re4 Qc7 24.Rae1 Bb7
25.Bd6 Qa5 26.Nc5 Qxa2 27.Nxb7 Qxb3 28.Nc5 Qc3 29.Nxe6 Bh6 30.Nxd4 Rg5 31.Qf3 Qd2
32.R4e2 Qc3 33.Nxc6 Bf8 34.Ne7+  1-0

[Event "1. Bundesliga 2017/2018"]
[Site "St.Veit/Glan"]
[Date "2018.04.07"]
[Round "11"]
[Board "1"]
[White "Danin, Alexandre"]
[Black "Dragnev, Valentin"]
[Result "1/2-1/2"]
[WhiteElo "2540"]
[BlackElo "2482"]
[PlyCount "93"]
[EventDate "2017.11.16"]
[EventType "team"]
[EventRounds "11"]
[EventCountry "AUT"]
[WhiteTeam "SV Raika Rapid Feffernitz"]
[BlackTeam "mpimmo Wien - SK Ottakring"]

1.e4 e5 2.Nf3 Nc6 3.d4 exd4 4.Nxd4 Nf6 5.Nxc6 bxc6 6.e5 Qe7 7.Qe2 Nd5 8.Nd2 a5 9.c4
Nb6 10.g3 Qe6 11.b3 Bb4 12.Bb2 O-O 13.Bg2 d5 14.O-O Ba6 15.Rfc1 dxc4 16.Nxc4 Rad8
17.Bc3 Nxc4 18.bxc4 Bxc3 19.Rxc3 Rd4 20.Bf1 Rfd8 21.Rc2 g6 22.Re1 c5 23.h4 Bc8 24.Rb2
Qe7 25.Qf3 Kg7 26.Rb5 a4 27.Ra5 Bg4 28.Qf6+ Qxf6 29.exf6+ Kxf6 30.Rxa4 Rd2 31.Bg2
Rc2 32.Bd5 Be6 33.Ra7 Bxd5 34.cxd5 Rd7 35.Re4 Rd2 36.Ra6+ Kg7 37.Rc6 R7xd5 38.Rf4
Rd7 39.a4 R2d4 40.Rf3 Rxa4 41.Rxc5 h5 42.Rfc3 Ra7 43.Kg2 Kf8 44.Kh3 Kg7 45.Kg2 Kf6
46.Kh3 Kg7 47.Kg2 1/2-1/2

[Event "1. Bundesliga 2017/2018"]
[Site "St.Veit/Glan"]
[Date "2018.04.07"]
[Round "11"]
[Board "2"]
[White "Blohberger, Felix"]
[Black "Skoberne, Jure"]
[Result "0-1"]
[WhiteElo "2429"]
[BlackElo "2569"]
[PlyCount "68"]
[EventDate "2017.11.16"]
[EventType "team"]
[EventRounds "11"]
[EventCountry "AUT"]
[WhiteTeam "mpimmo Wien - SK Ottakring"]
[BlackTeam "SV Raika Rapid Feffernitz"]

1.b3 b6 2.Bb2 Bb7 3.Nf3 Nf6 4.c4 c5 5.e3 e6 6.Nc3 Be7 7.Be2 O-O 8.O-O d5 9.cxd5 Nxd5
10.Rc1 Nc6 11.a3 Bf6 12.Qc2 Rc8 13.Nxd5 exd5 14.Bxf6 Qxf6 15.Qb1 d4 16.e4 Ne5 17.Nxe5
Qxe5 18.Bd3 Qf4 19.Qc2 h5 20.f3 h4 21.Qd1 Rfe8 22.Qe2 g6 23.Rc2 Kg7 24.Ba6 Bxa6 25.Qxa6
Rcd8 26.Qd3 Re5 27.Rfc1 f5 28.b4 h3 29.bxc5 hxg2 30.cxb6 Rh8 31.Rc7+ Kf6 32.R1c6+
Kg5 33.Rxg6+ Kxg6 34.exf5+ Rxf5 0-1

[Event "1. Bundesliga 2017/2018"]
[Site "St.Veit/Glan"]
[Date "2018.04.07"]
[Round "11"]
[Board "3"]
[White "Diermair, Andreas"]
[Black "Steindl, Johannes"]
[Result "1/2-1/2"]
[WhiteElo "2514"]
[BlackElo "2185"]
[PlyCount "99"]
[EventDate "2017.11.16"]
[EventType "team"]
[EventRounds "11"]
[EventCountry "AUT"]
[WhiteTeam "SV Raika Rapid Feffernitz"]
[BlackTeam "mpimmo Wien - SK Ottakring"]

1.d4 Nf6 2.c4 c5 3.d5 e6 4.Nc3 exd5 5.cxd5 d6 6.Nf3 g6 7.Bf4 a6 8.a4 Bg7 9.e3 O-O
10.h3 Ne8 11.Be2 Nd7 12.O-O Ne5 13.Nd2 f5 14.Bh2 Rb8 15.a5 Bd7 16.Qc2 Nc7 17.Rfd1
Bb5 18.Nxb5 axb5 19.Kh1 Qe7 20.f4 Nf7 21.Nf1 c4 22.Rab1 Na6 23.b4 b6 24.axb6 Rxb6
25.Bf3 Nb8 26.e4 fxe4 27.Bxe4 Re8 28.Re1 Ra6 29.Bg3 Qf8 30.f5 Ne5 31.fxg6 h6 32.Ne3
Nbd7 33.Rf1 Qe7 34.Nf5 Qg5 35.Bh4 Qh5 36.Rf4 Ra3 37.Ng3 Rxg3 38.Bxg3 Qg5 39.Qf2 Nf6
40.Rf1 Nxe4 41.Rxe4 Qxg6 42.Bxe5 Rxe5 43.Rg4 Rg5 44.Rxg5 hxg5 45.Qe2 g4 46.Qe3 Be5
47.Qb6 gxh3 48.Qd8+ Kh7 49.Qe7+ Kh6 50.Qf8+ 1/2-1/2

[Event "1. Bundesliga 2017/2018"]
[Site "St.Veit/Glan"]
[Date "2018.04.07"]
[Round "11"]
[Board "4"]
[White "Steiner, Adam"]
[Black "Schreiner, Peter"]
[Result "0-1"]
[WhiteElo "2188"]
[BlackElo "2465"]
[PlyCount "70"]
[EventDate "2017.11.16"]
[EventType "team"]
[EventRounds "11"]
[EventCountry "AUT"]
[WhiteTeam "mpimmo Wien - SK Ottakring"]
[BlackTeam "SV Raika Rapid Feffernitz"]

1.e4 c5 2.Nf3 d6 3.d4 cxd4 4.Nxd4 Nf6 5.Nc3 g6 6.Be3 Bg7 7.f3 O-O 8.Qd2 Nc6 9.Bc4
Bd7 10.O-O-O Rb8 11.h4 Ne5 12.Bb3 b5 13.Bh6 a5 14.h5 Bxh6 15.Qxh6 g5 16.Qxg5+ Kh8
17.Nf5 Rg8 18.Qf4 Bxf5 19.exf5 a4 20.Bd5 Rxg2 21.Qd4 a3 22.f4 axb2+ 23.Kb1 Rg4 24.Rhg1
b4 25.Rxg4 Nexg4 26.Ne4 Qa5 27.Qxb2 Ne3 28.Nxd6 Nexd5 29.Ne4 Kg8 30.Rg1+ Kf8 31.Qe5
Ra8 32.Nxf6 Qxa2+ 33.Kc1 Nxf6 34.Rg3 Qa1+ 35.Qxa1 Rxa1+ 0-1

[Event "1. Bundesliga 2017/2018"]
[Site "St.Veit/Glan"]
[Date "2018.04.07"]
[Round "11"]
[Board "5"]
[White "Zorko, Jure"]
[Black "Bauer, Thomas"]
[Result "1-0"]
[WhiteElo "2462"]
[BlackElo "2149"]
[PlyCount "71"]
[EventDate "2017.11.16"]
[EventType "team"]
[EventRounds "11"]
[EventCountry "AUT"]
[WhiteTeam "SV Raika Rapid Feffernitz"]
[BlackTeam "mpimmo Wien - SK Ottakring"]

1.d4 Nf6 2.Nf3 g6 3.Bg5 Bg7 4.Nbd2 O-O 5.c3 d6 6.e4 c5 7.dxc5 dxc5 8.Be2 Nc6 9.O-O
h6 10.Bh4 g5 11.Bg3 Nh5 12.Qc2 b6 13.Nc4 Nxg3 14.hxg3 Qc7 15.Nh2 Be6 16.f4 Rad8 17.e5
Qc8 18.Ne3 f5 19.Nf3 Qd7 20.Bb5 Qc7 21.Rad1 Na5 22.Rxd8 Qxd8 23.b4 a6 24.Bxa6 cxb4
25.cxb4 g4 26.Rd1 Qa8 27.Nd4 Qxa6 28.Nxe6 Rc8 29.Qxc8+ Qxc8 30.Rd8+ Qxd8 31.Nxd8 Nc6
32.Nxc6 e6 33.a4 Bf8 34.Nc4 b5 35.axb5 Kf7 36.b6 1-0